Word Ladder: Power of the Sea Quiz Stats

 Plays Quiz Updated Aug 24, 2017

Challenge
Share
Tweet
Embed
Score 0/18 Timer 03:00
1 Play Today
Hint 4-Letter Word % Correct
Gritty grains on the beach⏳SAND⏳
99.6%
Click to pass along an e-mailSEND
98.5%
Powerful flow of air💨WIND💨
96.4%
Merlot or Rioja, e.g.WINE
95.8%
Building on a farmBARN
94.9%
Give notice beforehand of dangerWARN
94.8%
The rising and falling of the sea🌙TIDE🌙
94.8%
CertainSURE
94.7%
Sear or charBURN
93.8%
Hint 4-Letter Word % Correct
Way to address a kingSIRE
93.7%
Change directionTURN
93.5%
Prong of a forkTINE
92.9%
Breaker, roller or even tsunami, e.g.🌊WAVE🌊
92.6%
Proceed along a courseWEND
91.7%
Leg or hypotenuse, for a right triangleSIDE
91.4%
Product offered for saleWARE
90.5%
The swell of the sea that breaks on the shore🏄SURF🏄
84.9%
Short grassTURF
84.7%

Today's Daily Dose

Word Ladder
King of the...

Quick Pick
The Doors Songs

On This Day
August 17th II

You're not logged in!

Compare scores with friends on all Sporcle quizzes.
Join for Free
OR
Log In

You Might Also Like...

Show Comments

Extras

Top Quizzes Today


Score Distribution

Your Account Isn't Verified!

In order to create a playlist on Sporcle, you need to verify the email address you used during registration. Go to your Sporcle Settings to finish the process.

Report this User

Report this user for behavior that violates our Community Guidelines.

Details: